000 00844nam0a22002411 4500
001 rc\2751192
005 20260407050825.0
035 _a(NLR Aleph) 006878093
090 _a7018200
_c7018200
100 _a20110915d1939 |||y0rusy50 ca
101 0 _arus
102 _aRU
105 _ay c |||||
200 1 _aРешения XVIII съезда ВКП(б) - Боевая программа работы профсоюзов
_eКраткий указатель литературы
_fНауч. б-ка ВЦСПС
210 _aМосква
_cПрофиздат
_d1939
215 _a13, [3] с.
_d15 см.
710 0 2 _aВЦСПС
_bНаучная библиотека
_3RU\NLR\AUTH\8810019972
_9537984
801 0 _aRU
_bNLR
_gpsbo
801 1 _aRU
_bELAR
_2rusmarc
852 _aNLR
_jС411-2-420/М-90
942 _cBOOK
980 _aNB